| 000 | 00633nam a22001337a 4500 | ||
|---|---|---|---|
| 040 | _cRUA | ||
| 082 | _aFOR MEL 2013 B143 Or.1 | ||
| 100 | _aMEL, SOPHEA. | ||
| 245 | _astudy on bengal florican monitoring at pralay commune, stoung district, kampong thom province(សិក្សាពីការតាមដានសត្វខ្សឹប នៅឃុំប្រឡាយស្រុុកស្ទោង ខេត្តកំពង់ធំ) | ||
| 260 |
_aPhnom Penh _bRUA _c2003 |
||
| 300 |
_axi, 42p. _bill. _c29cm. |
||
| 856 | _uhttps://drive.google.com/file/d/1coT-o-J4UzbzIHdarOFCnrDR43rAs9yc/view?usp=sharing | ||
| 942 | _cFOR | ||
| 999 |
_c3503 _d3503 |
||